| 000 | nam a22 a 4500 | ||
|---|---|---|---|
| 999 |
_c2918 _d2918 |
||
| 005 | 20170518154028.0 | ||
| 008 | 170518s1989 us ||||| |||| 00| 0 eng d | ||
| 020 |
_a0931961661 : _c $7.95 |
||
| 040 | _aAKMAL | ||
| 082 | _a658.301 PAL | ||
| 090 |
_a658.301 _bPAL |
||
| 100 | 1 |
_a Palladino, Connie D. _96120 |
|
| 245 | 1 | 0 |
_aDeveloping self-esteem : _ba positive guide for personal success / _cConnie D. Palladino. |
| 260 |
_aLos Altos, Calif. : _bCrisp Publications, _cc1989. |
||
| 300 |
_a vi, 102 p. : _b ill. ; _c26cm |
||
| 599 | _aDALAM PROSES | ||
| 650 | 0 |
_aSelf-esteem |x Problems, exercises, etc. _xProblems, exercises, etc. _96121 |
|
| 650 | 0 |
_aSuccess _xPsychological aspects _91186 |
|
| 650 | 0 |
_xProblems, exercises, etc. _96122 |
|
| 942 |
_2ddc _cBOOK |
||